LEADER 01273nam a2200337 i 4500 001 991003549649707536 005 20021217152052.0 008 961025s1989 uk a b 001 0 eng d 020 $a0199630593 035 $ab1182914x-39ule_inst 035 $aLE00302872$9ExL 040 $aDip.to Biologia$beng 082 0 $a572.7$222 100 1 $aBeynon, Robert J.$0149755 245 10$aProteolytic enzymes :$ba practical approach /$cedited by R. J. Beynon, J.S. Bond 260 3 $aOxford :$bIRL Press,$c1989 300 $axviii, 259 p. :$bill. ;$c24 cm 440 4$aThe Practical approach series 500 $aIncludes bibliographical references and index 650 0$aCysteine protein 650 0$aPeptide Hydrolases 650 0$aProteinases 650 0$aProteolytic enzymes 700 1 $aBond, Judith S. 907 $a.b1182914x$b11-07-11$c18-12-02 912 $a991003549649707536 945 $aLE003 572.7 BEY01.01 C.1 (1989)$g1$i2003000008074$lle003$o-$pE0.00$q-$rl$s- $t0$u0$v0$w0$x0$y.i12079601$z18-12-02 945 $aLE003 572.7 BEY01.01 C.2 (1989)$g2$i2003000032161$lle003$o-$pE0.00$q-$rl$s- $t0$u0$v0$w0$x0$y.i12079613$z18-12-02 996 $aProteolytic enzymes$9898378 997 $aUNISALENTO 998 $ale003$b01-01-96$cm$da $e-$feng$guk $h0$i2 LEADER 01840oam 2200505zu 450 001 9910873085103321 005 20250331212006.0 035 $a(CKB)2510000000007228 035 $a(SSID)ssj0000451292 035 $a(PQKBManifestationID)12167918 035 $a(PQKBTitleCode)TC0000451292 035 $a(PQKBWorkID)10460433 035 $a(PQKB)10364584 035 $a(EXLCZ)992510000000007228 100 $a20160829d1987 uy 101 0 $aeng 181 $ctxt 182 $cc 183 $acr 200 10$aESSCIRC '87, thirteenth European Solid-State Circuits Conference : September 23-25, 1987, Taunus-Tagungs-Zentrum, Bad Soden, Federal Republic of Germany 210 31$a[Place of publication not identified]$cVDE Verlag$d1987 300 $aBibliographic Level Mode of Issuance: Monograph 311 08$a9783800715343 311 08$a3800715341 606 $aSemiconductors$vCongresses 606 $aIntegrated circuits$vCongresses 606 $aSolid state electronics$vCongresses 606 $aElectrical & Computer Engineering$2HILCC 606 $aEngineering & Applied Sciences$2HILCC 606 $aElectrical Engineering$2HILCC 615 0$aSemiconductors 615 0$aIntegrated circuits 615 0$aSolid state electronics 615 7$aElectrical & Computer Engineering 615 7$aEngineering & Applied Sciences 615 7$aElectrical Engineering 676 $a621.381/5 702 $aSeitzer$b Dieter$f1933- 712 02$aInformationstechnische Gesellschaft im VDE, 712 12$aEuropean Solid State Circuits Conference. 801 0$bPQKB 906 $aBOOK 912 $a9910873085103321 996 $aESSCIRC '87, thirteenth European Solid-State Circuits Conference : September 23-25, 1987, Taunus-Tagungs-Zentrum, Bad Soden, Federal Republic of Germany$92540478 997 $aUNINA